000 00645nam a2200181Ia 4500
003 GCL
008 140319s9999 xx 000 0 ara d
040 _aGCL /
_cGCL
082 0 4 _a301.18028
_bع ع
100 1 _aعبدالوهاب ابراهيم
245 1 0 _aالعلاقات الاجتماعية الدينية فى المجتمع المصرى المعاصر : دراسة واقعية فى ثلاثة مجتمعات مصرية /
_cعبدالوهاب ابراهيم
300 _a144 ص
490 _a
650 0 4 _aالمجتمع
650 0 4 _aالاجتماع، علم
650 0 4 _aالاتصال الاجتماعى
942 _2ddc
_cBK
999 _c46416
_d46416